000 00272nam a2200121 a 4500
008 101026s1970|||| d
100 1 _aMelsen, M.J.
245 1 0 _aPosledný pohár
260 _bSmena
_aBratislava
_c1970
020 _c20
041 _aslo
044 _axo
_cSK
999 _c12299
_d12299